Cinéma en images par lettres - O & Q - Statistiques

Statistiques générales
  • Ce quiz a été pris 223 fois
  • Le résultat moyen est 9 sur 16
Statistiques - réponses
Par images Hint Réponse % Correct
Film OSS 117 : Rio ne répond plus
96%
Cérémonie Oscars
95%
Objet Objectif
83%
Film Oppenheimer
82%
Film Qu'est-ce qu'on a fait au Bon Dieu
82%
Film Orange Mécanique
69%
Acteur Raphaël Quenard
69%
Film L'Odyssée de Pi
63%
Film Qui veut la peau de Roger Rabbit
60%
Actrice Elizabeth Olsen
54%
Acteur Dylan O'Brien
47%
Acteur Gary Oldman
47%
Film Oldboy
44%
Personnage Scarlette O'Hara
22%
Réalisateur François Ozon
14%
Réalisateur Gérard Oury
9%
Aucun quiz correspondant
Distribution des résultats
% des personnes avec chaque résultat
Percentile par nombre de réponses
Votre historique - résultats
Vous n’avez pas pris ce quiz